OPAC Home

අභිධර්‍ම චන්ද්‍රිකාව,විථි පාදය-1982 (Record no. 111927)

MARC details
000 -LEADER
fixed length control field 00710nam a2200205Ia 4500
003 - CONTROL NUMBER IDENTIFIER
control field LK-CoDNM
005 - DATE AND TIME OF LATEST TRANSACTION
control field 20241128112348.0
008 - FIXED-LENGTH DATA ELEMENTS--GENERAL INFORMATION
fixed length control field 010623t1982 xxu||||| |||| 00| 1 sin d
040 ## - CATALOGING SOURCE
Original cataloging agency LK-CoDNM
Modifying agency LK-CoDNM
Description conventions LK-CoDNM
041 ## - LANGUAGE CODE
Language code of text/sound track or separate title Sinhala; Sinhalese
080 ## - UNIVERSAL DECIMAL CLASSIFICATION NUMBER
Universal Decimal Classification number 294.32
Item number DHA
942 ## - ADDED ENTRY ELEMENTS (KOHA)
Koha item type Books
100 ## - MAIN ENTRY--PERSONAL NAME
Personal name පූජ්‍ය පණ්ඩිත මාතර ශ්‍රී ධර්‍මවංශ හිමි
245 ## - TITLE STATEMENT
Title අභිධර්‍ම චන්ද්‍රිකාව,විථි පාදය-1982
246 ## - VARYING FORM OF TITLE
Title proper/short title Abhidharma Chandrikawa. : Vithi Padaya
260 ## - PUBLICATION, DISTRIBUTION, ETC. (IMPRINT)
Name of publisher, distributor, etc. තරුණ බෞද්ධ සංගමය
Place of publication, distribution, etc. කොළඹ
Date of publication, distribution, etc. 1982
300 ## - PHYSICAL DESCRIPTION
Other physical details 51p. ; 18 cm
650 ## - SUBJECT ADDED ENTRY--TOPICAL TERM
Topical term or geographic name as entry element 1982
650 ## - SUBJECT ADDED ENTRY--TOPICAL TERM
Topical term or geographic name as entry element Buddhism
Holdings
Withdrawn status Lost status Damaged status Not for loan Collection code Permanent Location Current Location Shelving location Date acquired Full call number Barcode Koha item type
    Damaged   Old Books Collection Library National Museum Colombo - Sri Lanka Library National Museum Colombo - Sri Lanka Reference 2024-11-27 294.32 DHA OB9005 Books
Copyright © 2023 Department of National Museum, Colombo 07, Sri Lanka Funded by UNESCO IFAP UNESCO